000 00755na a2200253 4500
001 16561
003 MIRAKIL
005 20181213154934.0
008 161020b tu 000 0
040 _aMilas
_btur
_cTR-AnCHP
041 _atur
082 _a923.6 Yılmaz,K.
_bY44c 2007
090 _a923.6 Yılmaz,K. Y44c 2007
100 _aYılmaz, Kazım
245 _aCehalet ve rüşvet
_cKazım Yılmaz
260 _aDatça, Muğla
_b[yay.y.]
_c2007
_fAktif Matbaası
300 _a177 s.
_bfotg.
_c20 sm.
490 _aYılmaz yayınları
_v001
600 _aYılmaz, Kazım
_xSiyasal ve sosyal görüşler
_yAnılar
650 _aCehalet
_xDenemeler
650 _aRüşvet
_xDenemeler
657 _aSiyasal suistimal
_xAnılar
942 _2ddc
_cBKS
999 _c3526
_d3526